000 00896nam a2200253 a 4500
001 000025395
005 20200930023747.0
008 110215s2004 uy r 000 0 spa d
020 _a9974421152
040 _aDO-SdBNP
_bspa
_cBNPHU
041 1 7 _aspa
_heng
_2Código de idioma MARC
082 _aNNN
_bW855d
100 1 _aWolff Paul, Robert
_d1933-
_951988
240 1 0 _aIn defense of anarquism
_lEspañol.
245 1 0 _aEn defensa del anarquismo /
_cRobert Paul Wolff.
260 _aMontevideo, Uruguay :
_bNordan-Comunidad,
_c2004.
300 _a108 p. ;
_c21 cm.
490 1 _aPiedra libre
_v21
504 _aIncluye referencias bibliográficas y notas al pie de las páginas
500 _aIncluye datos biográficos del autor en la solapa de la contracubierta
534 _aTítulo original en inglés:
_tIn defense of anarquism
830 0 _aPiedra libre ;
_v21
_951989
049 _aBNGR
999 _c24887
_d24887